|
|
|
|
| LEADER |
00000nas a2200000 i 4500 |
| 001 |
ssj0001550936 |
| 003 |
WaSeSS |
| 005 |
20200512172242.0 |
| 006 |
m d |
| 007 |
cr n |
| 008 |
150728c20159999deubr p s 0 a0eng c |
| 010 |
|
|
|a 2015264030
|
| 022 |
|
|
|y 2411-7862
|
| 035 |
|
|
|a (WaSeSS)ssj0001550936
|
| 037 |
|
|
|b International Literacy Association, PO Box 8139, Newark, DE 19714-8139
|
| 040 |
|
|
|a NA5
|b eng
|c NA5
|d OCLCO
|d GYG
|d UPM
|d OCLCO
|d OCLCF
|d OCLCO
|d CUS
|d OCLCA
|d GILDS
|d OCLCO
|d FB3
|d WaSeSS
|
| 042 |
|
|
|a pcc
|
| 050 |
|
4 |
|a LB1049.9
|b .R42
|
| 082 |
1 |
4 |
|a 028
|2 23
|
| 130 |
0 |
|
|a Literacy today (Newark, Del.)
|
| 245 |
1 |
0 |
|a Literacy today
|h [electronic resource].
|
| 260 |
|
|
|a Newark, DE :
|b International Literacy Association,
|c 2015-
|
| 310 |
|
|
|a Bimonthly
|
| 362 |
1 |
|
|a Began with Volume 33, Issue 1 (July/August 2015).
|
| 506 |
|
|
|a License restrictions may limit access.
|
| 588 |
|
|
|a Description based on: Volume 33, Issue 1 (July/August 2015); title from caption.
|
| 588 |
|
|
|a Latest issue consulted: Volume 33, Issue 1 (July/August 2015).
|
| 610 |
2 |
0 |
|a International Reading Association
|v Periodicals.
|
| 610 |
2 |
7 |
|a International Reading Association.
|2 fast
|0 (OCoLC)fst00549571
|
| 650 |
|
0 |
|a Literacy
|v Periodicals.
|
| 650 |
|
0 |
|a Reading
|v Periodicals.
|
| 650 |
|
7 |
|a Literacy.
|2 fast
|0 (OCoLC)fst00999859
|
| 650 |
|
7 |
|a Reading.
|2 fast
|0 (OCoLC)fst01090626
|
| 655 |
|
0 |
|a Electronic journals.
|
| 710 |
2 |
|
|a International Reading Association.
|
| 780 |
0 |
0 |
|t Reading today (Newark, Del. : 1985)
|x 0737-4208
|w (OCoLC)12406912
|
| 856 |
4 |
0 |
|z Full text available from Research Library: 07/01/2015 to present
|u https://search.proquest.com/publication/31199
|